Vykazovanie finančného a operatívneho prenájmu podľa IFRS

Enregistré dans:
Détails bibliographiques
Auteur principal: Tumpach, Miloš, 1970-
Format: Chapitre de livre
Langue:slovaque
Sujets:
Tags: Ajouter un tag
Pas de tags, Soyez le premier à ajouter un tag!

MARC

LEADER 00000nla$a2200000$$$4500
001 0128664
005 20240502072456.5
041 0 |a slo 
044 |a SK 
245 1 0 |a Vykazovanie finančného a operatívneho prenájmu podľa IFRS  |c Miloš Tumpach 
610 2 0 |a štandardy účtovné medzinárodné 
610 2 0 |a IFRS 
610 2 0 |a prenájom 
100 1 |a Tumpach, Miloš, 1970-